New streetwise; Upper intermediate ( Student's book )

This book contains grammar in context, vocabulary development and word-building, functional language, and pronunciation with popular songs in the "Songbook sections"

Đã lưu trong:
书目详细资料
主要作者: Rob Nolasco
格式: 图书
语言:Undetermined
出版: Oxford Oxford Univ. Press 2000
主题:
标签: 添加标签
没有标签, 成为第一个标记此记录!
Thư viện lưu trữ: Trung tâm Học liệu Trường Đại học Cần Thơ
LEADER 00738nam a2200205Ia 4500
001 CTU_42315
008 210402s9999 xx 000 0 und d
020 |b 122.000đ 
082 |a 428.24 
082 |b N786us 
100 |a Rob Nolasco 
245 0 |a New streetwise; Upper intermediate ( Student's book ) 
245 0 |c Rob Nolasco 
260 |a Oxford 
260 |b Oxford Univ. Press 
260 |c 2000 
520 |a This book contains grammar in context, vocabulary development and word-building, functional language, and pronunciation with popular songs in the "Songbook sections" 
650 |a english language - textbooks for foreign speakers 
904 |i Minh, 010720 
980 |a Trung tâm Học liệu Trường Đại học Cần Thơ